LEADER 03039nam a2200745 i 4500
001 101879
003 CZ PrNK
005 20240507115739.0
007 ta
008 240419s2024 xr e 000 0acze
015 |a cnb003602307 
020 |a 9788076626058  |q (vázáno) :  |c Kč 499,00 
040 |a OLA001  |b cze  |e rda 
041 1 |a cze  |h eng 
072 7 |a 323  |x Vnitropolitický vývoj, politický život  |2 Konspekt  |9 15 
072 7 |a 929  |x Biografie  |2 Konspekt  |9 8 
080 |a (=411.16)  |2 MRF 
080 |a 323.12"1939/1945"-053.15  |2 MRF 
080 |a 323.12"1939/1945"  |2 MRF 
080 |a 343.819.5  |2 MRF 
080 |a 323.28:329.17  |2 MRF 
080 |a 94(100)"1939/1945"  |2 MRF 
080 |a 341.49:341.322.5  |2 MRF 
080 |a 929  |2 MRF 
080 |a (438)  |2 MRF 
080 |a (436)  |2 MRF 
080 |a (0:82-94)  |2 MRF 
100 1 |a Lewkowicz, Josef,  |d 1926-  |7 xx0316729  |4 aut  |9 115252 
240 1 0 |a Survivor.  |l Česky 
245 1 0 |a Josefův osud /  |c Josef Lewkowicz a Michael Calvin ; přeložila Martina Neradová 
250 |a Vydání první 
264 1 |a Praha :  |b Kniha Zlin,  |c 2024 
300 |a 363 stran ;  |c 21 cm 
336 |a text  |b txt  |2 rdacontent 
337 |a bez média  |b n  |2 rdamedia 
338 |a svazek  |b nc  |2 rdacarrier 
500 |a Přeloženo z angličtiny 
500 |a Obálkový podnázev: jak jsem přežil šest koncentračních táborů a stal se lovcem nacistů 
600 1 7 |a Lewkowicz, Josef,  |d 1926-  |7 xx0316729  |2 czenas  |9 115252 
648 7 |a 20.-21. století  |7 ch462155  |2 czenas  |9 53009 
648 7 |a 1939-1945  |7 ch460653  |2 czenas  |9 52982 
650 0 7 |a Židé  |7 ph127782  |y 20.-21. století  |z Polsko  |2 czenas 
650 0 7 |a přeživší holocaust  |7 ph852432  |y 20.-21. století  |z Polsko  |2 czenas 
650 0 7 |a holocaust (1939-1945)  |7 ph117203  |2 czenas  |9 1361 
650 0 7 |a koncentrační tábory  |7 ph121782  |z Polsko  |2 czenas 
650 0 7 |a koncentrační tábory  |7 ph121782  |z Rakousko  |2 czenas 
650 0 7 |a zločiny nacismu  |7 ph120356  |2 czenas  |9 3968 
650 0 7 |a druhá světová válka (1939-1945)  |7 ph117270  |2 czenas  |9 1065 
650 0 7 |a stíhání válečných zločinů  |7 ph137983  |2 czenas  |9 2172 
650 0 9 |a Jews  |y 20th-21st centuries  |z Poland  |2 eczenas 
650 0 9 |a holocaust survivors  |y 20th-21st centuries  |z Poland  |2 eczenas 
650 0 9 |a holocaust (1939-1945)  |2 eczenas 
650 0 9 |a concentration camps  |z Poland  |2 eczenas 
650 0 9 |a concentration camps  |z Austria  |2 eczenas 
650 0 9 |a crimes of Nazism  |2 eczenas 
650 0 9 |a World War (1939-1945)  |2 eczenas 
650 0 9 |a war crimes prosecution  |2 eczenas 
655 7 |a autobiografické vzpomínky  |7 fd131854  |2 czenas  |9 53458 
655 9 |a autobiographical reminiscences  |2 eczenas 
700 1 |a Calvin, Michael,  |d 1957-  |7 xx0316728  |4 aut  |9 115253 
700 1 |a Neradová, Martina,  |d 1974-  |7 xx0090832  |4 trl  |9 108426 
910 |a UOG502 
942 |2 ddc  |c KN 
999 |d 101879 
993 |0 0  |1 421180102406  |2 ddc  |4 0  |6 34_000000000000000  |7 0  |9 93149  |b 0  |c 102406  |d 2024-05-07  |e 5  |f DOSP  |g 34  |h 499.00  |i Koupě  |l DOSP  |m 3  |r 2025-04-16  |s 2025-01-27  |t 5  |w 2024-05-07  |y KN  |z NAUCNA  |n